000 00774nam a22002177a 4500
008 250808b |||||||| |||| 00| 0 eng d
020 _a9781138648098
040 _aCUZ
_beng
_crda
_dCUZ
_erda
050 _aHF5415.M83MUR
100 _aPatrick E. Murphy
245 _aEthics in marketing :
_binternational cases and perspectives
_cby Patrick E.Murphy and Gene R. Laczniak and Fiona Harris
264 _aAbingdon
_bRoutledge
_c©2017
300 _aextent xiii ,198pages
336 _atext
_btxt
337 _aunmediated
_bn
338 _2rdacarrier
500 _aincludes index
650 _aMarketing moral and ethical aspects
_aMarketing case studies
942 _cOS
_i5415.M83
_kHF
999 _c45309
_d45309